000 00636nam a2200277Ia 4500
005 20260324143415.0
008 008 260324s9999 xx 000 0 eng d
020 _a9780203750162
037 _aEBOOK
040 _aCRL
040 _beng
040 _cCRL
041 _2eng
041 _aeng
084 _qCRL
100 _aJan Froyland
_91215516
245 0 _aIntroduction to Chaos and Coherence
260 _bTaylor and Francis
260 _c1992
365 _a
365 _b385
856 _uhttp://www.taylorfrancis.com/books/9780203750162
942 _cEBOOK
999 _c1820888
_d1820888